Quel front populaire ? (version facile) - Statistiques

Statistiques générales
  • Ce quiz a été pris 36 fois
  • Le résultat moyen est 12 sur 20
Statistiques - réponses
Par images Réponse % Correct
Kylian Mbappe
100%
Gerard Jugnot
85%
Michel Drucker
82%
Mylene Farmer
76%
Squeezie
76%
Zinedine Zidane
76%
Florence Foresti
73%
Franck Ribery
70%
Omar Sy
67%
Pierre Niney
67%
Catherine Deneuve
61%
Patrick Sebastien
61%
Sebastien Chabal
55%
Thierry Ardisson
52%
Claire Chazal
45%
Sophie Marceau
45%
Gad Elmaleh
36%
Bernadette Chirac
24%
Roselyne Bachelot
24%
Anne Roumanov
18%
Aucun quiz correspondant
Distribution des résultats
% des personnes avec chaque résultat
Percentile par nombre de réponses
Votre historique - résultats
Vous n’avez pas pris ce quiz